000 00505nam a22001817a 4500
999 _c27218
_d27218
003 BDDh-ASL
005 20231015030735.0
008 211028s1892 ii ||||| |||| 00| 0 u d
040 _aBDDh-ASL
_cBDDh-ASL
082 _a297.3
_bYAS
100 1 _95470
_aYaqinuddin, Mohammad
245 1 0 _aSimak An Nadwa : / سماک الندوہ
260 _aBareilly :
_c1314 H. / 1892.
300 _a40 p. :
_c25 cm.
505 _aPartly Worm-eaten.
650 0 _95142
_a Islamic Discourse
942 _2ddc
_cBK